Жилищные отношения и право собственности на жилье (Запись № 531006)

Подробности
000 -МАРКЕР
контрольное поле 01765nam0a2200349 4500
001 - ИДЕНТИФИКАТОР ЗАПИСИ
контрольное поле RU\NLR\bibl\1005391
005 - ИДЕНТИФИКАТОР ВЕРСИИ
контрольное поле 20260409063501.0
010 ## - МЕЖДУНАРОДНЫЙ СТАНДАРТНЫЙ НОМЕР КНИГИ (ISBN)
Номер (ISBN) 5-94087-7326-X
Тираж 3000
021 ## - НОМЕР ГОСУДАРСТВЕННОЙ РЕГИСТРАЦИИ
Код страны российская федерация
Номер 2006-60766
Номер Листа государственной регистраци 3021
035 ## - ДРУГИЕ СИСТЕМНЫЕ НОМЕРА
Идентификатор записи (NLR Aleph) 000993054
100 ## - ДАННЫЕ ОБЩЕЙ ОБРАБОТКИ
Данные общей обработки 20061110d2006 |||y0rusy50 ca
101 0# - ЯЗЫК РЕСУРСА
Язык текста, звукозаписи и т.д. русский
102 ## - СТРАНА ПУБЛИКАЦИИ ИЛИ ПРОИЗВОДСТВА
Страна публикации российская федерация
105 ## - ПОЛЕ КОДИРОВАННЫХ ДАННЫХ: ТЕКСТОВЫЕ МАТЕРИАЛЫ, МОНОГРАФИЧЕСКИЕ
Кодированные данные о монографическом текстовом документе y |||||||||
200 1# - ЗАГЛАВИЕ И СВЕДЕНИЯ ОБ ОТВЕТСТВЕННОСТИ
Основное заглавие Жилищные отношения и право собственности на жилье
Сведения, относящиеся к заглавию сборник нормативных актов
205 ## - СВЕДЕНИЯ ОБ ИЗДАНИИ
Сведения об издании [3-е изд., испр. и доп.]
210 ## - ПУБЛИКАЦИЯ, РАСПРОСТРАНЕНИЕ И ДР.
Место издания, распространения и т.д. Новосибирск
Имя издателя, распространителя и т. д. Сибирское университетское издательство
Дата издания, распространения и т.д. 2006
215 ## - ФИЗИЧЕСКАЯ ХАРАКТЕРИСТИКА
Специфическое обозначение материала и объем 521, [1] с.
Размеры 21
225 1# - СЕРИЯ
Основное заглавие серии Серия: Кодексы и законы России
604 ## - ИМЯ И ЗАГЛАВИЕ КАК ПРЕДМЕТ
Связываемые данные 71001$aРоссийская Федерация
-- 50011$aЖилищный кодекс$2nlr_sh2$3RU\NLR\AUTH\661259622
Имя лица Российская Федерация
Заглавие Жилищный кодекс
Системный номер авторитетной/нормативной записи 2083558
Идентификатор авторитетной/нормативной записи RU\NLR\AUTH\661259622
606 1# - НАИМЕНОВАНИЕ ТЕМЫ КАК ПРЕДМЕТ
Наименование темы Жилая площадь
Формальный подзаголовок Законодательные материалы
Тематический подзаголовок Право собственности
Географический подзаголовок Российская Федерация
Системный номер авторитетной/нормативной записи 2139898
Идентификатор авторитетной/нормативной записи RU\NLR\auth\661289893
606 1# - НАИМЕНОВАНИЕ ТЕМЫ КАК ПРЕДМЕТ
Наименование темы Жилая площадь
Формальный подзаголовок Законодательные материалы
Географический подзаголовок Российская Федерация
Системный номер авторитетной/нормативной записи 2166347
Идентификатор авторитетной/нормативной записи RU\NLR\auth\661303436
686 ## - ИНДЕКСЫ ДРУГИХ КЛАССИФИКАЦИЙ
Индекс Х623.141-39(2Р)21
686 ## - ИНДЕКСЫ ДРУГИХ КЛАССИФИКАЦИЙ
Индекс Х623.211.33-39(2Р)21
741 #1 - УСЛОВНОЕ НАИМЕНОВАНИЕ / ЗАГЛАВИЕ ДЛЯ ЗАКОНОДАТЕЛЬНЫХ И РЕЛИГИОЗНЫХ ТЕКСТОВ - АЛЬТЕРНАТИВНАЯ ОТВЕТСТВЕННОСТЬ
Начальный элемент ввода Российская Федерация
Обозначение вида документа Законы
Название раздела или части Жилищный кодекс
Идентификатор авторитетной/нормативной записи RU\NLR\AUTH\880379479
-- 425342
801 #0 - ИСТОЧНИК ЗАПИСИ
Страна российская федерация
Организация NLR
Дата составления 20060417
Правила каталогизации rcr
801 #1 - ИСТОЧНИК ЗАПИСИ
Страна российская федерация
Организация NLR
Дата составления 20060417
942 ## - ДОПОЛНИТЕЛЬНЫЕ ЭЛЕМЕНТЫ ЗАПИСИ (АБИС)
Тип экземпляра АБИС Книга
980 ## - КОЛЛЕКЦИЯ
Название коллекции Национальная библиография
Экземпляры
Тип экземпляра Дата поступления Источник поступления Библиотека постоянного хранения Библиотека текущего хранения Место хранения Шифр хранения Штрих-код Статус не для выдачи
Книга 10.11.2006 Обязательный экземпляр РНБ (Московский) РНБ (Московский) Русский книжный фонд: издания с 1957 года, 3этаж 2006-5/8094 2295309  
Книга 10.11.2006 Обязательный экземпляр РНБ (Московский) РНБ (Московский) Русский книжный фонд: издания с 1957 года, 3этаж 2006-5/8094 2295310